| 000 | 00594nam a2200193 a 4500 | ||
|---|---|---|---|
| 005 | 20241106063714.0 | ||
| 008 | 051125s2001 es r 000 0 spa d | ||
| 020 | _a8497000021 | ||
| 035 | _aUPN01000141271 | ||
| 049 | _aCG | ||
| 050 | 4 |
_aQA276 _bA4.6 |
|
| 100 | 1 | _aAlberca Bjerregaard, Pablo | |
| 245 | 1 | 0 |
_aPrácticas con mathematica estadística : _bcuaderno 1 / _cPablo Alberca Bjerregaard, Luis Lechuga Pérez. |
| 260 |
_aMálaga, Esp. : _bAljibe, _c2001. |
||
| 300 | _a130 p. | ||
| 650 | 4 |
_aEstadística matemática _98767 |
|
| 700 | 1 |
_aLechuga Pérez, Luis, _ecoaut. |
|
| 905 | _aLibro | ||
| 999 |
_c113418 _d113418 |
||